Southville International School and Colleges
Your cart is empty.
  • Cart
  • Lists
    Public lists Eva Luna New books Lux_list list_1
    Your lists Log in to create your own lists
  • Log in to your account
  • Your cookies
  • Search history
Southville International School and Colleges
  • Advanced search
  • Recent comments
  • Most popular
  • Libraries

Log in to your account

Log in with GOOGLE


If you do not have an external account, but do have a local account, you can still log in:

  1. Home
  2. MARC view: Characteristics and underlying meaning of hoarding behavior in elders with Alzheimer's dementia :
Normal view MARC view ISBD view

Characteristics and underlying meaning of hoarding behavior in elders with Alzheimer's dementia : (Record no. 121403)

[ view plain ]
MARC details
000 -LEADER
fixed length control field 00641nam a2200205Ia 4500
008 - FIXED-LENGTH DATA ELEMENTS--GENERAL INFORMATION
fixed length control field 140626s9999 xx 000 0 und d
100 ## - MAIN ENTRY--PERSONAL NAME
Personal name Wang, Jing-Jy.
245 ## - TITLE STATEMENT
Title Characteristics and underlying meaning of hoarding behavior in elders with Alzheimer's dementia :
Remainder of title caregiver's perspective /
Statement of responsibility, etc Jing-Jy Wang ... [et al.].
260 ## - PUBLICATION, DISTRIBUTION, ETC. (IMPRINT)
Date of publication, distribution, etc c2013.
300 ## - PHYSICAL DESCRIPTION
Extent 21 : 3, page 189
440 ## - SERIES STATEMENT/ADDED ENTRY--TITLE
Title The Journal of Nursing Research (JNR)
521 ## - TARGET AUDIENCE NOTE
Target audience note
650 ## - SUBJECT ADDED ENTRY--TOPICAL TERM
Topical term or geographic name as entry element Alzheimer's disease.
650 ## - SUBJECT ADDED ENTRY--TOPICAL TERM
Topical term or geographic name as entry element Caregivers.
650 ## - SUBJECT ADDED ENTRY--TOPICAL TERM
Topical term or geographic name as entry element Dimentia.
650 ## - SUBJECT ADDED ENTRY--TOPICAL TERM
Topical term or geographic name as entry element Elders.
650 ## - SUBJECT ADDED ENTRY--TOPICAL TERM
Topical term or geographic name as entry element Hoarding behavior.
650 ## - SUBJECT ADDED ENTRY--TOPICAL TERM
Topical term or geographic name as entry element Security needs.
942 ## - ADDED ENTRY ELEMENTS (KOHA)
Koha item type Periodicals
Holdings
Withdrawn status Lost status Damaged status Home library Current library Shelving location Date acquired Total Checkouts Barcode Date last seen Price effective from Koha item type
      College Library College Library Periodical Section 06/26/2014   S0511 06/26/2014 06/26/2014 Periodicals

Characteristics and underlying meaning of hoarding behavior in elders with Alzheimer's dementia :

APA

Wang J., . (2013). Characteristics and underlying meaning of hoarding behavior in elders with Alzheimer's dementia. : .

Chicago

Wang Jing-Jy, . 2013. Characteristics and underlying meaning of hoarding behavior in elders with Alzheimer's dementia. : .

Harvard

Wang J., . (2013). Characteristics and underlying meaning of hoarding behavior in elders with Alzheimer's dementia. : .

MLA

Wang Jing-Jy, . Characteristics and underlying meaning of hoarding behavior in elders with Alzheimer's dementia. : . 2013.

  • Place hold
  • Print
  • Cite
  • Add to your cart (remove)
  • Save record
    BIBTEX Dublin Core MARCXML MARC (non-Unicode/MARC-8) MARC (Unicode/UTF-8) MARC (Unicode/UTF-8, Standard) MODS (XML) RIS
  • More searches
    Search for this title in:
    Other Libraries (WorldCat) Other Databases (Google Scholar) Online Stores (Bookfinder.com) Open Library (openlibrary.org)

Exporting to Dublin Core...

SOUTHVILLE LIBRARY

Southville International School and Colleges Library

1281 Tropical Ave. Cor. Luxembourg St., BF Homes International, Las Pinas City

Tel. No. 8256374 / 252358 Loc. 117/146

Powered by Koha